000 00999cad a22002055a 4500
001 E150454
008 100715s2010 xxk f 000 0 eng d
035 _a(Sirsi) u150454
041 0 _aeng
100 1 _aDenison, Joanne
245 0 0 _aBuilding materials and the environment
_h[electronic resource]
260 _aLeicester
_bStephen Geoge and Partners LLP
_c2010
520 _aLooks at the environmental implications of using various building materials. Includes an overview of sustainable construction; details of materials used in construction products and the environmental impact of their production, use and disposal; and data sheets for various materials and elements.
590 _aKA
651 4 _aUnited Kingdom
_y
690 _aBUILT ENVIRONMENT-SUSTAINABLE CONSTRUCTION
700 1 _aHalligan, Chris
856 4 0 _uhttps://www.stephengeorge.co.uk/Building_Materials_&_the_Environment-1st_Ed-Web.pdf
_zView the item free of charge (PDF file) at www.stephengeorge.co.uk
942 _n0
999 _c110877
_d110877